[Event "19. Wch 2009 Veteranos"]
[Site "Condino ITA"]
[Date "2009.10.31"]
[Round "5.47"]
[White "Morrow, Hans M"]
[Black "Nickl, Klaus"]
[Result "0-1"]
[WhiteElo "1950"]
[BlackElo "2151"]
[PlyCount "68"]
[EventDate "2009.10.27"]
[EventType "swiss"]
[EventRounds "11"]
[EventCountry "ITA"]
[Source "lmi"]
[SourceDate "2009.10.27"]

1. d4 Nf6 2. c4 g6 3. Nc3 Bg7 4. e4 d6 5. Nf3 O-O 6. Be2 e5 7. d5 a5 8. O-O Na6
9. Bg5 h6 10. Bh4 Nc5 11. Nd2 Bd7 12. f3 Qb8 13. Nb3 b6 14. Nb5 Nh5 15. Nxc5
bxc5 16. Bg3 a4 17. Qd2 g5 18. Rab1 Nf4 19. Bxf4 exf4 20. b4 axb3 21. Rxb3 Bxb5
22. cxb5 Qa7 23. a3 c4+ 24. b6 cxb6 25. Rb5 c3 26. Qc2 Qxa3 27. g3 Qa2 28. Rc1
Bd4+ 29. Kf1 Qxc2 30. Rxc2 Ra1+ 31. Kg2 Rfa8 32. gxf4 R8a2 33. Bd3 Rxc2+ 34.
Bxc2 Ra2 0-1

[Event "19. Wch 2009 Veteranos"]
[Site "Condino ITA"]
[Date "2009.10.31"]
[Round "5.51"]
[White "Ramusch, Arnulf"]
[Black "Toefferl, Heimo"]
[Result "0-1"]
[WhiteElo "1963"]
[BlackElo "2121"]
[PlyCount "86"]
[EventDate "2009.10.27"]
[EventType "swiss"]
[EventRounds "11"]
[EventCountry "ITA"]
[Source "lmi"]
[SourceDate "2009.10.27"]

1. d4 d5 2. c4 c6 3. Nf3 Nf6 4. Qc2 g6 5. Bg5 Nbd7 6. e3 a6 7. h3 Bg7 8. Nc3
O-O 9. Bf4 dxc4 10. Bxc4 b5 11. Bd3 Bb7 12. Ne4 Nxe4 13. Bxe4 Rc8 14. O-O f5
15. Bd3 c5 16. Ng5 Qb6 17. Be2 h6 18. Nf3 Bxf3 19. Bxf3 cxd4 20. Qb3+ Kh7 21.
exd4 Bxd4 22. Rad1 Nc5 23. Qb4 e5 24. Rxd4 exd4 25. Qxd4 Rfd8 26. Qe3 Re8 27.
Qd4 Qd8 28. Bd6 Ne4 29. Qa7+ Kg8 30. Bf4 Qf6 31. Qb7 g5 32. Be3 Qc6 33. Qa7 Rc7
34. Qd4 Rd7 35. Qb4 Qc4 36. Qa5 Qe6 37. Bd1 Qf6 38. Bb3+ Kg7 39. Rc1 f4 40. Bb6
Qxb2 41. Rc6 Nf6 42. Qxa6 Re1+ 43. Kh2 Qb1 0-1

[Event "19. Wch 2009 Veteranos"]
[Site "Condino ITA"]
[Date "2009.10.31"]
[Round "5.53"]
[White "Mentink, Toon"]
[Black "Titz, Heimo"]
[Result "0-1"]
[WhiteElo "1869"]
[BlackElo "2265"]
[PlyCount "65"]
[EventDate "2009.10.27"]
[EventType "swiss"]
[EventRounds "11"]
[EventCountry "ITA"]
[Source "lmi"]
[SourceDate "2009.10.27"]

1. Nf3 c5 2. b3 Nc6 3. Bb2 Nf6 4. e3 e6 5. Bb5 Be7 6. O-O O-O 7. d4 cxd4 8.
exd4 d6 9. Nc3 a6 10. Bd3 b6 11. Re1 Bb7 12. Qe2 Nb4 13. Rad1 Rc8 14. a3 Nxd3
15. Qxd3 b5 16. Re2 Qc7 17. Rde1 Nd5 18. Nxd5 Bxd5 19. Nd2 Qxc2 20. Qxc2 Rxc2
21. Ba1 Rfc8 22. f3 Ra2 23. a4 Rcc2 24. Rd1 Bg5 25. axb5 axb5 26. Bc3 Bxb3 27.
Bb4 Bc4 28. Nxc4 Rxe2 29. Nd2 Bxd2 30. Bxd6 Be3+ 31. Kh1 Rxg2 32. Bg3 h5 33. d5
0-1

[Event "19. Wch 2009 Veteranos"]
[Site "Condino ITA"]
[Date "2009.10.31"]
[Round "5.54"]
[White "Schwertel, Johann"]
[Black "Zhelesny, Stanislav"]
[Result "1/2-1/2"]
[WhiteElo "1975"]
[BlackElo "2173"]
[PlyCount "43"]
[EventDate "2009.10.27"]
[EventType "swiss"]
[EventRounds "11"]
[EventCountry "ITA"]
[Source "lmi"]
[SourceDate "2009.10.27"]

1. d4 Nf6 2. Nf3 g6 3. Bf4 Bg7 4. c3 d5 5. e3 O-O 6. Be2 Nbd7 7. Nbd2 c6 8. O-O
b6 9. Ne5 Bb7 10. Ndf3 Nxe5 11. Nxe5 Nd7 12. Nxd7 Qxd7 13. Bg4 e6 14. h3 c5 15.
Re1 Qc7 16. Rc1 f6 17. Bg3 e5 18. dxe5 fxe5 19. Qa4 Kh8 20. Qd7 Qxd7 21. Bxd7
Ba6 22. Bg4 1/2-1/2

[Event "19. Wch 2009 Veteranos"]
[Site "Condino ITA"]
[Date "2009.10.31"]
[Round "5.58"]
[White "Stuart, Peter"]
[Black "Salvo, Guglielmo"]
[Result "1-0"]
[WhiteElo "2074"]
[BlackElo "1976"]
[PlyCount "65"]
[EventDate "2009.10.27"]
[EventType "swiss"]
[EventRounds "11"]
[EventCountry "ITA"]
[Source "lmi"]
[SourceDate "2009.10.27"]

1. c4 g6 2. Nc3 Bg7 3. d4 c6 4. Nf3 Na6 5. g3 Nf6 6. Bg2 Nc7 7. O-O O-O 8. b3
d5 9. Bb2 a5 10. Ne5 e6 11. c5 Nd7 12. f4 f5 13. Na4 Nf6 14. Nb6 Ra7 15. Qe1
Na8 16. Na4 Bd7 17. Rc1 Qc7 18. Rc2 Ne4 19. e3 Bxe5 20. fxe5 b5 21. cxb6 Nxb6
22. Nxb6 Qxb6 23. Bxe4 dxe4 24. Ba3 c5 25. Bxc5 Qc6 26. Rff2 Qa6 27. Bxa7 Qxa7
28. Qc1 Qa6 29. Rc7 Rf7 30. a4 Qd3 31. Rxd7 Qxb3 32. Rxf7 Kxf7 33. Rb2 1-0

[Event "19. Wch 2009 Veteranos"]
[Site "Condino ITA"]
[Date "2009.10.31"]
[Round "5.64"]
[White "Zharokov, Biket"]
[Black "Papa, Angelo"]
[Result "1/2-1/2"]
[WhiteElo "2000"]
[BlackElo "1890"]
[PlyCount "28"]
[EventDate "2009.10.27"]
[EventType "swiss"]
[EventRounds "11"]
[EventCountry "ITA"]
[Source "lmi"]
[SourceDate "2009.10.27"]

1. d4 g6 2. Nf3 Bg7 3. Bf4 d6 4. e3 Nd7 5. Nbd2 e5 6. dxe5 dxe5 7. Bg5 Ngf6 8.
Ne4 h6 9. Nxf6+ Bxf6 10. Bxf6 Qxf6 11. Nd2 O-O 12. Bc4 Qc6 13. Qf3 Qxf3 14.
Nxf3 Re8 1/2-1/2

[Event "19. Wch 2009 Veteranos"]
[Site "Condino ITA"]
[Date "2009.10.31"]
[Round "5.66"]
[White "Haupt, Joachim"]
[Black "Mueller, Rudolf"]
[Result "0-1"]
[WhiteElo "1870"]
[BlackElo "2266"]
[PlyCount "42"]
[EventDate "2009.10.27"]
[EventType "swiss"]
[EventRounds "11"]
[EventCountry "ITA"]
[Source "lmi"]
[SourceDate "2009.10.27"]

1. e4 e5 2. f4 Bc5 3. Nf3 Nc6 4. c3 f5 5. Bc4 fxe4 6. Nxe5 Nxe5 7. Qh5+ Ng6 8.
Qxc5 Nf6 9. O-O d5 10. Bb3 b6 11. Qe3 O-O 12. d3 Ba6 13. dxe4 Bxf1 14. Kxf1 c6
15. Nd2 Ng4 16. Qg3 Rxf4+ 17. Kg1 Qd6 18. Nf3 Qc5+ 19. Nd4 Rxe4 20. Bc2 Rxd4
21. cxd4 Qxd4+ 0-1

[Event "19. Wch 2009 Veteranos"]
[Site "Condino ITA"]
[Date "2009.10.31"]
[Round "5.67"]
[White "Flotten, Erling"]
[Black "Profaizer, Gino"]
[Result "1/2-1/2"]
[WhiteElo "1840"]
[BlackElo "2068"]
[PlyCount "65"]
[EventDate "2009.10.27"]
[EventType "swiss"]
[EventRounds "11"]
[EventCountry "ITA"]
[Source "lmi"]
[SourceDate "2009.10.27"]

1. e4 c6 2. f4 d5 3. exd5 cxd5 4. d4 Nf6 5. Nf3 g6 6. Be2 Bg7 7. O-O O-O 8. c3
Nc6 9. Ne5 Bf5 10. Bd3 Bxd3 11. Qxd3 e6 12. Nd2 Qc7 13. Ndf3 a6 14. Nxc6 Qxc6
15. Ne5 Qd6 16. a3 b5 17. Bd2 Ne4 18. a4 Rab8 19. axb5 axb5 20. Ra7 Qb6 21.
Rfa1 Rb7 22. Ra8 Rxa8 23. Rxa8+ Rb8 24. Ra1 Qb7 25. Be1 f6 26. Nf3 Bf8 27. b4
Bd6 28. g3 Qc6 29. Ra5 Bc7 30. Ra1 Bd8 31. Kg2 Rc8 32. Ra3 h6 33. Nd2 1/2-1/2

[Event "19. Wch 2009 Veteranos"]
[Site "Condino ITA"]
[Date "2009.10.31"]
[Round "5.76"]
[White "Vladov, Mark"]
[Black "Fragni, Enrico"]
[Result "0-1"]
[WhiteElo "1917"]
[BlackElo "1767"]
[PlyCount "86"]
[EventDate "2009.10.27"]
[EventType "swiss"]
[EventRounds "11"]
[EventCountry "ITA"]
[Source "lmi"]
[SourceDate "2009.10.27"]

1. Nf3 d6 2. c4 Bg4 3. e3 Nd7 4. h3 Bh5 5. Nc3 c6 6. Be2 e5 7. d4 Ngf6 8. O-O
Be7 9. Qb3 Qc7 10. Bd2 a5 11. Rac1 a4 12. Nxa4 Rxa4 13. Qxa4 e4 14. g4 exf3 15.
Bxf3 Bg6 16. b4 O-O 17. Bg2 Ne4 18. Be1 Bh4 19. f4 Bxe1 20. Rfxe1 f5 21. Bxe4
fxe4 22. Qc2 Re8 23. a4 b6 24. Ra1 c5 25. Qc3 cxb4 26. Qxb4 Bf7 27. Rec1 Rc8
28. Qb1 Re8 29. Qb5 Rc8 30. Kf2 Bxc4 31. Rxc4 Qxc4 32. Qxd7 Qc2+ 33. Kg3 Qc3
34. Kh4 Rf8 35. Qe6+ Kh8 36. Qxd6 Rg8 37. Ra3 Qe1+ 38. Kg5 Qa5+ 39. f5 Qa7 40.
Kf4 Re8 41. g5 Qa6 42. Ra1 Qe2 43. Qd7 Qf3# 0-1

[Event "19. Wch 2009 Veteranos"]
[Site "Condino ITA"]
[Date "2009.10.31"]
[Round "5.78"]
[White "Battaglia, Emanuele"]
[Black "Van Haaften, Adriaan"]
[Result "0-1"]
[WhiteElo "1580"]
[BlackElo "1875"]
[PlyCount "72"]
[EventDate "2009.10.27"]
[EventType "swiss"]
[EventRounds "11"]
[EventCountry "ITA"]
[Source "lmi"]
[SourceDate "2009.10.27"]

1. d4 Nf6 2. c4 e6 3. Nc3 Bb4 4. Qc2 O-O 5. a3 Bxc3+ 6. Qxc3 d5 7. Nf3 Ne4 8.
Qc2 Nd7 9. e3 b6 10. Be2 Bb7 11. O-O a5 12. b3 Rc8 13. Bd2 c5 14. Qb2 Qe7 15.
Rac1 Nxd2 16. Qxd2 Nf6 17. Qb2 Ne4 18. Nd2 Nxd2 19. Qxd2 Rfd8 20. Qb2 f5 21.
Rfd1 g5 22. h3 Qg7 23. Bf3 g4 24. hxg4 fxg4 25. Be2 Qg5 26. dxc5 bxc5 27. cxd5
exd5 28. Qc3 d4 29. exd4 cxd4 30. Bc4+ Kf8 31. Qd3 Rc7 32. Rc2 Re7 33. Re2 Rxe2
34. Qxe2 Re8 35. Qd3 Bf3 36. Rd2 Re1+ 0-1

[Event "19. Wch 2009 Veteranos"]
[Site "Condino ITA"]
[Date "2009.11.02"]
[Round "6.1"]
[White "Tseshkovsky, Vitaly"]
[Black "Suba, Mihai"]
[Result "1-0"]
[WhiteElo "2549"]
[BlackElo "2501"]
[PlyCount "106"]
[EventDate "2009.10.27"]
[EventType "swiss"]
[EventRounds "11"]
[EventCountry "ITA"]
[Source "lmi"]
[SourceDate "2009.10.27"]

1. e4 c5 2. Nf3 d6 3. d4 Nf6 4. Nc3 cxd4 5. Nxd4 a6 6. h3 Nc6 7. g4 e6 8. Bg2
Qc7 9. g5 Nd7 10. h4 Nde5 11. f4 Nxd4 12. Qxd4 Nc6 13. Qf2 b5 14. Be3 Rb8 15.
h5 Qa5 16. O-O b4 17. Ne2 Be7 18. f5 Ne5 19. Qg3 g6 20. Nd4 exf5 21. exf5 Bb7
22. Bxb7 Rxb7 23. Qh3 Bd8 24. hxg6 fxg6 25. fxg6 Nxg6 26. Rae1 Qd5 27. Ne6 Ne5
28. Rd1 Qc6 29. Qh5+ Kd7 30. g6 Kc8 31. Nxd8 Rxd8 32. Qf5+ Qd7 33. Rxd6 Qxf5
34. Rxd8+ Kxd8 35. Rxf5 Nxg6 36. Ra5 Kd7 37. Rxa6 Rc7 38. Rb6 Rxc2 39. Rxb4 Ne5
40. a4 Nc4 41. Bd4 Kc6 42. Bc3 Nb6 43. Rh4 h5 44. Re4 Nd5 45. Bg7 Kd7 46. b4
Ra2 47. Rd4 Ke6 48. a5 Ra4 49. Bf8 Ke5 50. Rh4 Nf4 51. Bd6+ Kxd6 52. Rxf4 Kc6
53. b5+ Kd5 1-0

[Event "19. Wch 2009 Veteranos"]
[Site "Condino ITA"]
[Date "2009.11.02"]
[Round "6.2"]
[White "Cebalo, Miso"]
[Black "Van Riemsdijk, Herman C"]
[Result "1-0"]
[WhiteElo "2500"]
[BlackElo "2385"]
[PlyCount "129"]
[EventDate "2009.10.27"]
[EventType "swiss"]
[EventRounds "11"]
[EventCountry "ITA"]
[Source "lmi"]
[SourceDate "2009.10.27"]

1. c4 e6 2. Nc3 d5 3. d4 Nf6 4. cxd5 exd5 5. Bg5 Bb4 6. e3 h6 7. Bxf6 Qxf6 8.
Rc1 O-O 9. Nf3 c6 10. Be2 Bf5 11. Qb3 Qe7 12. O-O Nd7 13. a3 Bxc3 14. Qxc3 a5
15. Rfe1 a4 16. Nd2 Rfe8 17. Bf1 Nf6 18. f3 Qc7 19. Qb4 Re6 20. Rc3 Qe7 21. g4
Bg6 22. Qxe7 Rxe7 23. Kf2 Ne8 24. e4 dxe4 25. Nxe4 Rd7 26. Nc5 Rxd4 27. Nxb7
Rb8 28. Rxc6 Rd2+ 29. Kg3 Rxb2 30. Nc5 Nf6 31. h4 R2b6 32. Rxb6 Rxb6 33. Rd1
Rb8 34. Rd4 Bc2 35. Bd3 Bxd3 36. Rxd3 Rb5 37. Nxa4 Nd5 38. Nc3 Rb3 39. Rxd5
Rxc3 40. a4 Ra3 41. a5 Kf8 42. h5 Ke7 43. Rb5 Kd7 44. Kf4 Kc6 45. Rf5 f6 46.
Ke4 Ra4+ 47. Kd3 Ra1 48. Kc3 Ra2 49. Kb3 Ra1 50. Kb2 Ra4 51. f4 Re4 52. g5 fxg5
53. fxg5 hxg5 54. Rxg5 Re7 55. Kc3 Kb7 56. Kd4 Ka6 57. Kd5 Rc7 58. Ke6 Rb7 59.
Re5 Rb1 60. Kf7 Rg1 61. Kg8 Rg2 62. Kh7 Rg1 63. Re6+ Kxa5 64. Rg6 Rc1 65. Rxg7
1-0

[Event "19. Wch 2009 Veteranos"]
[Site "Condino ITA"]
[Date "2009.11.02"]
[Round "6.3"]
[White "Jacobsen, Bo"]
[Black "Pushkov, Nikolai"]
[Result "1-0"]
[WhiteElo "2321"]
[BlackElo "2499"]
[PlyCount "123"]
[EventDate "2009.10.27"]
[EventType "swiss"]
[EventRounds "11"]
[EventCountry "ITA"]
[Source "lmi"]
[SourceDate "2009.10.27"]

1. Nf3 Nf6 2. g3 d5 3. Bg2 c6 4. O-O Bg4 5. b3 Nbd7 6. Bb2 e6 7. d3 Bc5 8. Nbd2
O-O 9. h3 Bh5 10. e4 dxe4 11. dxe4 Bxf3 12. Qxf3 e5 13. Nc4 Qe7 14. Rad1 a5 15.
a4 b5 16. Ne3 bxa4 17. bxa4 Rfb8 18. Bc3 g6 19. Nc4 Rb7 20. Nxa5 Rc7 21. Ra1
Bb4 22. Nc4 Qc5 23. Bxb4 Qxb4 24. Qb3 Qc5 25. Rfb1 Rb8 26. Qd3 Rcb7 27. Rxb7
Rxb7 28. a5 Rb4 29. Bf1 Qa7 30. Kg2 Nc5 31. Qd8+ Kg7 32. f3 Ncd7 33. Qe7 Rb8
34. Rd1 Re8 35. Qb4 h5 36. Rd6 Rb8 37. Qa4 h4 38. g4 Ne8 39. Rd1 Nc5 40. Qa1 f6
41. g5 Kh7 42. gxf6 Nxf6 43. Qxe5 Rf8 44. Qd6 Kg8 45. Qxc6 Qe7 46. Qd6 Qa7 47.
e5 Nh5 48. Qxg6+ Ng7 49. Nd6 Rf4 50. Bc4+ Rxc4 51. Nxc4 Nce6 52. Qg4 Qf7 53.
Nd6 Qc7 54. c4 Qxa5 55. f4 Qa2+ 56. Kg1 Qb3 57. Rf1 Qe3+ 58. Kh1 Kf8 59. Qxh4
Qd3 60. Rf2 Qe3 61. Kg2 Kg8 62. Qg3 1-0

[Event "19. Wch 2009 Veteranos"]
[Site "Condino ITA"]
[Date "2009.11.02"]
[Round "6.4"]
[White "Vasiukov, Evgeni"]
[Black "Plachetka, Jan"]
[Result "1-0"]
[WhiteElo "2485"]
[BlackElo "2378"]
[PlyCount "45"]
[EventDate "2009.10.27"]
[EventType "swiss"]
[EventRounds "11"]
[EventCountry "ITA"]
[Source "lmi"]
[SourceDate "2009.10.27"]

1. b4 Nf6 2. Bb2 e6 3. a3 b6 4. e3 Bb7 5. f4 c5 6. b5 Be7 7. Nf3 d6 8. c4 Nbd7
9. Nc3 e5 10. g3 exf4 11. gxf4 Ne4 12. Nxe4 Bxe4 13. Bxg7 Bh4+ 14. Ke2 Rg8 15.
Rg1 Qe7 16. Bg2 Rxg7 17. Nxh4 O-O-O 18. Bxe4 Rxg1 19. Nf5 Qe6 20. Qxg1 Nf6 21.
Bd3 Rg8 22. Qh1 Kb8 23. Rg1 1-0

[Event "19. Wch 2009 Veteranos"]
[Site "Condino ITA"]
[Date "2009.11.02"]
[Round "6.5"]
[White "Danner, Georg"]
[Black "Werner, Clemens"]
[Result "1/2-1/2"]
[WhiteElo "2440"]
[BlackElo "2339"]
[PlyCount "60"]
[EventDate "2009.10.27"]
[EventType "swiss"]
[EventRounds "11"]
[EventCountry "ITA"]
[Source "lmi"]
[SourceDate "2009.10.27"]

1. d4 Nf6 2. Nf3 g6 3. c4 Bg7 4. Nc3 O-O 5. e4 d6 6. Be2 e5 7. d5 Na6 8. Qc2 c6
9. O-O Bg4 10. Ne1 cxd5 11. cxd5 Bd7 12. Be3 Ng4 13. Bxg4 Bxg4 14. Nd3 Bd7 15.
Qb3 b6 16. Qc2 f5 17. f3 Rc8 18. Qe2 Qh4 19. Rac1 Nc5 20. g3 Qe7 21. exf5 gxf5
22. f4 Nxd3 23. Qxd3 e4 24. Qd2 Rc4 25. Ne2 Rfc8 26. Rxc4 Rxc4 27. Rc1 Bb5 28.
Nd4 Qd7 29. b3 Rxc1+ 30. Qxc1 Bxd4 1/2-1/2

[Event "19. Wch 2009 Veteranos"]
[Site "Condino ITA"]
[Date "2009.11.02"]
[Round "6.8"]
[White "Malmdin, Nils-Ake"]
[Black "Chernikov, Oleg"]
[Result "1/2-1/2"]
[WhiteElo "2282"]
[BlackElo "2405"]
[PlyCount "192"]
[EventDate "2009.10.27"]
[EventType "swiss"]
[EventRounds "11"]
[EventCountry "ITA"]
[Source "lmi"]
[SourceDate "2009.10.27"]

1. e4 c5 2. Nf3 d6 3. d4 cxd4 4. Nxd4 Nf6 5. Nc3 Nc6 6. Bg5 g6 7. Bxf6 exf6 8.
Bc4 Bg7 9. Ndb5 O-O 10. Qxd6 Qa5 11. Qc7 f5 12. Qxa5 Nxa5 13. Bd5 fxe4 14. O-O
Bf5 15. Bxe4 Bxe4 16. Nxe4 Bxb2 17. Rab1 Bg7 18. Rfd1 a6 19. Nbd6 b5 20. Nc5
Rfd8 21. a4 Bf8 22. Nde4 bxa4 23. Nxa4 Rxd1+ 24. Rxd1 Rc8 25. c3 Nc4 26. g3 Rc6
27. Rd8 Kg7 28. Kg2 h6 29. Nd2 Be7 30. Rd7 Kf8 31. Nf3 Nb6 32. Nxb6 Rxb6 33.
Nd4 Rd6 34. Ra7 Bd8 35. Nb3 Kg7 36. Ra8 Bf6 37. Nd4 Bg5 38. h4 Bd2 39. Ne2 Kf6
40. Ra7 h5 41. Rc7 a5 42. Ra7 Rd5 43. Kf3 Ke6 44. Nf4+ Bxf4 45. Kxf4 Rf5+ 46.
Ke3 Kd6 47. c4 Kc6 48. f4 Kb6 49. Ra8 Kb7 50. Rd8 a4 51. Kd3 Ra5 52. Kc2 a3 53.
Kb1 a2+ 54. Ka1 Kc6 55. Rf8 Ra7 56. f5 gxf5 57. Rh8 Kd6 58. Rxh5 Ke6 59. Rh8
Ra3 60. Rg8 Rc3 61. Kxa2 Rxc4 62. Kb3 Rc1 63. Re8+ Kf6 64. Rg8 Rg1 65. Rg5 f4
66. g4 Ke6 67. Kc2 f6 68. Ra5 Rxg4 69. Kd2 Rxh4 70. Ke2 Rh3 71. Kf2 Re3 72. Rb5
Re5 73. Rb6+ Kf5 74. Ra6 Rb5 75. Kf3 Rb3+ 76. Kf2 Rd3 77. Rb6 Ra3 78. Rc6 Ke4
79. Rc4+ Ke5 80. Rb4 Kf5 81. Rb8 Rc3 82. Ra8 Rc6 83. Kf3 Rc3+ 84. Kf2 f3 85.
Ra5+ Kf4 86. Ra4+ Kg5 87. Ra6 f5 88. Ra4 Rb3 89. Rc4 Rd3 90. Ra4 Rb3 91. Rc4
Kf6 92. Rf4 Ke5 93. Rxf3 Rb2+ 94. Kg3 f4+ 95. Rxf4 Rg2+ 96. Kxg2 Kxf4 1/2-1/2

[Event "19. Wch 2009 Veteranos"]
[Site "Condino ITA"]
[Date "2009.11.02"]
[Round "6.9"]
[White "Tseitlin, Mark D"]
[Black "Onoprienko, Vladimir"]
[Result "1-0"]
[WhiteElo "2394"]
[BlackElo "2324"]
[PlyCount "97"]
[EventDate "2009.10.27"]
[EventType "swiss"]
[EventRounds "11"]
[EventCountry "ITA"]
[Source "lmi"]
[SourceDate "2009.10.27"]

1. e4 c5 2. Nf3 g6 3. d4 cxd4 4. Qxd4 Nf6 5. e5 Nc6 6. Qa4 Nd5 7. Bb5 Bg7 8.
O-O a6 9. Bxc6 dxc6 10. Qh4 h6 11. Re1 Bf5 12. c3 g5 13. Qg3 O-O 14. Na3 b5 15.
h4 f6 16. Nd4 fxe5 17. Nxf5 Rxf5 18. hxg5 hxg5 19. Bxg5 Qd6 20. Re4 Nf4 21.
Rae1 Raf8 22. Bxf4 exf4 23. Qf3 e5 24. Rd1 Qh6 25. Kf1 Rh5 26. Ke2 Rh1 27. Nc2
Rxd1 28. Kxd1 Qe6 29. b3 Qd5+ 30. Kc1 Rd8 31. Kb2 a5 32. Re2 Qxf3 33. gxf3 Kf7
34. Ne1 c5 35. Kc2 c4 36. Re4 Rc8 37. a4 bxa4 38. bxc4 a3 39. Kb3 Bf8 40. Nd3
Rb8+ 41. Ka2 Rd8 42. Nxe5+ Kg8 43. Rd4 Re8 44. Rd5 a4 45. c5 Rb8 46. Kxa3 Rb3+
47. Kxa4 Rxc3 48. Kb5 Bg7 49. c6 1-0

[Event "19. Wch 2009 Veteranos"]
[Site "Condino ITA"]
[Date "2009.11.02"]
[Round "6.10"]
[White "Shvedchikov, Anatoli I"]
[Black "Jorgensen, Jorgen"]
[Result "1/2-1/2"]
[WhiteElo "2411"]
[BlackElo "2315"]
[PlyCount "76"]
[EventDate "2009.10.27"]
[EventType "swiss"]
[EventRounds "11"]
[EventCountry "ITA"]
[Source "lmi"]
[SourceDate "2009.10.27"]

1. c4 f5 2. Nf3 Nf6 3. g3 g6 4. Bg2 Bg7 5. O-O O-O 6. Nc3 d6 7. d4 Qe8 8. d5 a5
9. Nd4 Na6 10. b3 Bd7 11. Bb2 c6 12. e3 Nc7 13. Rb1 c5 14. Nde2 b5 15. a4 bxc4
16. bxc4 Na6 17. Nb5 Rc8 18. Nf4 Nb4 19. Re1 g5 20. Nh3 Qg6 21. f4 h6 22. Nf2
Ng4 23. Nxg4 fxg4 24. Bxg7 Kxg7 25. Nc3 Rb8 26. Be4 Qf6 27. Qd2 Na6 28. Bc2
gxf4 29. exf4 Rxb1 30. Bxb1 Nb4 31. Kf2 Kf7 32. Rd1 Ke8 33. Ne4 Qg7 34. Nc3 Qf6
35. Qe3 Kd8 36. Rd2 Rf7 37. Re2 Qd4 38. Qxd4 cxd4 1/2-1/2

[Event "19. Wch 2009 Veteranos"]
[Site "Condino ITA"]
[Date "2009.11.02"]
[Round "6.11"]
[White "Rooze, Jan"]
[Black "Rukavina, Josip"]
[Result "1/2-1/2"]
[WhiteElo "2253"]
[BlackElo "2435"]
[PlyCount "33"]
[EventDate "2009.10.27"]
[EventType "swiss"]
[EventRounds "11"]
[EventCountry "ITA"]
[Source "lmi"]
[SourceDate "2009.10.27"]

1. e4 d6 2. d4 Nf6 3. Nc3 g6 4. Be3 c6 5. h3 b5 6. e5 dxe5 7. dxe5 Qxd1+ 8.
Rxd1 Nfd7 9. f4 Bg7 10. Nf3 Nb6 11. Bd3 b4 12. Ne4 Be6 13. Kf2 N8d7 14. Rhe1
Na4 15. Bd4 O-O 16. b3 Nab6 17. c4 1/2-1/2

[Event "19. Wch 2009 Veteranos"]
[Site "Condino ITA"]
[Date "2009.11.02"]
[Round "6.12"]
[White "Gruzmann, Boris"]
[Black "Kuindzhy, Alexander"]
[Result "1/2-1/2"]
[WhiteElo "2251"]
[BlackElo "2420"]
[PlyCount "70"]
[EventDate "2009.10.27"]
[EventType "swiss"]
[EventRounds "11"]
[EventCountry "ITA"]
[Source "lmi"]
[SourceDate "2009.10.27"]

1. e4 c5 2. Nf3 d6 3. d4 cxd4 4. Nxd4 Nf6 5. Nc3 a6 6. f4 e5 7. Nf3 Qc7 8. Bd3
Nbd7 9. O-O b5 10. Qe1 Bb7 11. a3 g6 12. fxe5 dxe5 13. Kh1 Bg7 14. Qh4 O-O 15.
Bg5 Rfe8 16. Ng1 Nh5 17. Nh3 Nc5 18. Be2 Nf4 19. Nxf4 exf4 20. Bxf4 Be5 21. Bd3
Rad8 22. Bg5 Rd7 23. Rad1 Bxc3 24. bxc3 Nxe4 25. Bh6 Nc5 26. Qf6 Qe5 27. Rde1
Ne4 28. Qxe5 Rxe5 29. Kg1 Rde7 30. c4 Nc5 31. Rxe5 Rxe5 32. cxb5 Nxd3 33. bxa6
Bxa6 34. cxd3 Bxd3 35. Rd1 Rd5 1/2-1/2

[Event "19. Wch 2009 Veteranos"]
[Site "Condino ITA"]
[Date "2009.11.02"]
[Round "6.13"]
[White "Mishuchkov, Nikolai M"]
[Black "Gutkin, Boris"]
[Result "1/2-1/2"]
[WhiteElo "2379"]
[BlackElo "2255"]
[PlyCount "63"]
[EventDate "2009.10.27"]
[EventType "swiss"]
[EventRounds "11"]
[EventCountry "ITA"]
[Source "lmi"]
[SourceDate "2009.10.27"]

1. Nf3 Nf6 2. c4 g6 3. g3 Bg7 4. Bg2 O-O 5. d4 d6 6. O-O a6 7. Nc3 Nc6 8. Nd5
Bg4 9. Nxf6+ Bxf6 10. h3 Bd7 11. Bh6 Re8 12. Qd2 e5 13. dxe5 Nxe5 14. Nxe5 Bxe5
15. Bg5 Bf6 16. Bxf6 Qxf6 17. c5 Rad8 18. Bxb7 Bxh3 19. Rfe1 dxc5 20. Qa5 Qxb2
21. Rab1 Qe5 22. Rbc1 c4 23. Qxe5 Rxe5 24. Bxa6 Be6 25. Bxc4 Bxc4 26. Rxc4 Rd2
27. a4 Ra2 28. Rxc7 Rxa4 29. Rd1 Rae4 30. Rdd7 Rf5 31. Kf1 h5 32. Re7 1/2-1/2

[Event "19. Wch 2009 Veteranos"]
[Site "Condino ITA"]
[Date "2009.11.02"]
[Round "6.14"]
[White "Karasev, Vladimir I"]
[Black "Kraidman, Yair"]
[Result "1/2-1/2"]
[WhiteElo "2365"]
[BlackElo "2271"]
[PlyCount "141"]
[EventDate "2009.10.27"]
[EventType "swiss"]
[EventRounds "11"]
[EventCountry "ITA"]
[Source "lmi"]
[SourceDate "2009.10.27"]

1. e4 c5 2. Nf3 g6 3. d4 cxd4 4. Nxd4 Bg7 5. c4 Nc6 6. Be3 Nf6 7. Nc3 Ng4 8.
Qxg4 Nxd4 9. Qd1 Ne6 10. Qd2 Qa5 11. Rc1 d6 12. Be2 Bd7 13. O-O Bc6 14. f3 O-O
15. a3 Rfc8 16. Rfd1 a6 17. Nd5 Qxd2 18. Rxd2 Bxd5 19. exd5 Nc5 20. Bd1 Nd7 21.
b4 a5 22. c5 axb4 23. axb4 Ra3 24. c6 bxc6 25. dxc6 Ne5 26. Kf2 Rxc6 27. Rxc6
Nxc6 28. b5 Nd8 29. Rc2 Bc3 30. Bc1 Bd4+ 31. Ke2 Ra8 32. Rc7 Kf8 33. Bb3 Bb6
34. Bh6+ Ke8 35. Rc2 Kd7 36. Bd5 Rc8 37. Rxc8 Kxc8 38. g4 e6 39. Bb3 Kd7 40. h4
Nb7 41. Bc2 Bc5 42. Bg7 d5 43. h5 Kc7 44. Bf6 Kb6 45. Bd3 Ka5 46. f4 Bd6 47.
Kf3 Nc5 48. Be2 Nd7 49. Bd8+ Kb4 50. b6 Kc5 51. Bd1 Nxb6 52. Bxb6+ Kxb6 53.
hxg6 hxg6 54. Ba4 f6 55. Be8 Bxf4 56. Kxf4 g5+ 57. Ke3 Kc5 58. Bf7 Kd6 59. Kd4
e5+ 60. Ke3 Kc5 61. Be6 Kc4 62. Bf7 Kc5 63. Kd3 Kd6 64. Bg6 Kc5 65. Bf7 Kc6 66.
Be8+ Kd6 67. Bf7 Kc5 68. Bg8 Kd6 69. Bf7 Kc5 70. Bg8 Kd6 71. Bf7 1/2-1/2

[Event "19. Wch 2009 Veteranos"]
[Site "Condino ITA"]
[Date "2009.11.02"]
[Round "6.15"]
[White "Simon, Padros Emili"]
[Black "Jakobsen, Ole"]
[Result "1/2-1/2"]
[WhiteElo "2237"]
[BlackElo "2344"]
[PlyCount "24"]
[EventDate "2009.10.27"]
[EventType "swiss"]
[EventRounds "11"]
[EventCountry "ITA"]
[Source "lmi"]
[SourceDate "2009.10.27"]

1. e4 c5 2. c3 d6 3. d4 Qc7 4. Nf3 g6 5. dxc5 dxc5 6. Bc4 Bg7 7. O-O Nh6 8. Bg5
O-O 9. Qc1 Ng4 10. h3 Ne5 11. Nxe5 Qxe5 12. Qe3 Qc7 1/2-1/2

[Event "19. Wch 2009 Veteranos"]
[Site "Condino ITA"]
[Date "2009.11.02"]
[Round "6.16"]
[White "Altshul, Raffael"]
[Black "Karl, Hans"]
[Result "0-1"]
[WhiteElo "2343"]
[BlackElo "2229"]
[PlyCount "52"]
[EventDate "2009.10.27"]
[EventType "swiss"]
[EventRounds "11"]
[EventCountry "ITA"]
[Source "lmi"]
[SourceDate "2009.10.27"]

1. Nf3 Nf6 2. d4 d5 3. a3 c6 4. Bf4 Bf5 5. e3 e6 6. c4 Bd6 7. Bg3 h6 8. Nc3 O-O
9. Bd3 Ne4 10. Qc2 Nxg3 11. hxg3 Bxd3 12. Qxd3 Nd7 13. cxd5 cxd5 14. g4 Be7 15.
g3 Rc8 16. Kf1 Nb6 17. Kg2 f5 18. gxf5 Rxf5 19. g4 Rf6 20. b3 Qe8 21. Ne2 Bd6
22. a4 Qf7 23. Rh3 Rf8 24. e4 dxe4 25. Qxe4 Nd5 26. Re1 Rf4 0-1